Movies Quiz

Random Movies or Actress Quiz

Who Are They Talking To? Movie Quotes Quiz Stats

Quiz Updated Mar 21, 2012

Challenge
Share
Tweet
Embed
Score 0/22 Timer 07:00
1 Play Today
Quote Addressee % Correct
I see dead people.Bruce Willis
93.4%
You can't handle the truth!Tom Cruise
81.8%
A census taker once tried to test me. I ate his liver with some fava beans and a nice Chianti.Jodie Foster
69.1%
I have nipples, Greg. Could you milk me?Ben Stiller
68.7%
When this baby hits 88 miles per hour, you're gonna see some serious s***.Michael J. Fox
67.1%
I'll get you, my pretty, and your little dog, too!Judy Garland
66%
If you build it, he will come.Kevin Costner
63.8%
I have been and always shall be your friend. Live long and prosper.William Shatner
57.5%
Forget it, Jake, it's Chinatown.Jack Nicholson
53.5%
You see, George, you've really had a wonderful life. Don't you see what a mistake it would be to just throw it away?Jimmy Stewart
52.5%
Do or do not. There is no try.Mark Hamill
46.9%
Quote Addressee % Correct
Remember, with great power, comes great responsibility.Tobey Maguire
46%
Frankly, my dear, I don't give a damn.Vivien Leigh
43.5%
Here's looking at you, kid.Ingrid Bergman
42.6%
Hey! Phil? Phil Connors? Phil, don't say you don't remember me because I sure as heckfire remember you.Bill Murray
40.6%
I wish I knew how to quit you.Heath Ledger
35.1%
Tell me something, my friend. You ever dance with the devil in the pale moonlight?Michael Keaton
34.9%
Mrs. Robinson, you're trying to seduce me. Aren't you?Anne Bancroft
32.6%
Here's Johnny!Shelley Duvall
29%
Kid, the next time I say, 'Let's go someplace like Bolivia,' let's GO someplace like Bolivia.Robert Redford
24.1%
Donny, you're out of your element!Steve Buscemi
20.9%
These go to eleven.Rob Reiner
19.3%

You're not logged in!

Compare scores with friends on all Sporcle quizzes.
Sign Up with Email
OR
Log In

You Might Also Like...

Show Comments

Extras

Top Quizzes Today


Score Distribution

Your Account Isn't Verified!

In order to create a playlist on Sporcle, you need to verify the email address you used during registration. Go to your Sporcle Settings to finish the process.